00485nam a2200169 a 450000100060000000300090000600800410001504000280005608200180008410000250010224500400012726000370016730000100020465000450021465000260025965000300028513107CO-ViMGA141112s2004 ck r 000 u spa d aCO-ViMGAbspacCO-ViMGA04a624.1713 W15e1 aWang, By Chu Kia Phd10aStatically Indeterminate Structures aMexico : bMac Graw Hill, c1952 a424p.14aESTRUCTURAS ESTATICAMENTE INDETERMINADAS14aESTRUCTURAS ESTATICAS14aTEORIA DE LAS ESTRUCTURAS